| 000 | 00659nam a2200229 i 4500 | ||
|---|---|---|---|
| 001 | 67386 | ||
| 003 | ES-MaACL | ||
| 005 | 20250808011647.0 | ||
| 007 | t| | ||
| 008 | 040521s1998 ag ||||1| spa d | ||
| 020 | _a950-9546-80-1 | ||
| 080 | _a130.2 | ||
| 100 | 1 |
_aScheler, Max. _9104283 |
|
| 245 | 1 | 3 |
_aEl saber y la cultura / _cMax Scheler. |
| 260 |
_aBuenos Aires : _bLeviatán, _c[1998] |
||
| 300 |
_a109 p. ; _c20 cm. |
||
| 650 | 7 |
_aVida intelectual _2embne _9159621 |
|
| 650 |
_aCivilización- _xFilosofía. _911081 |
||
| 700 | 1 |
_aGómez de la Serna, Julio, _d1895-1983 _957899 |
|
| 852 |
_aES-MaACL _jL-27603 _bR.133126 |
||
| 999 |
_c67386 _d67386 |
||